[Event "Lovsprings op 05th B"]
[Site "Ringsted"]
[Date "1993.05.14"]
[Round "6"]
[White "Madsen, Morten"]
[Black "Hvitved, Thomas"]
[Result "0-1"]
[WhiteElo "1829"]
[BlackElo "1846"]
[PlyCount "94"]
[EventDate "1993.03.26"]
[EventType "swiss"]
[EventRounds "7"]
[EventCountry "DEN"]
[SourceTitle "EXT 2023"]
[Source "ChessBase"]
[SourceDate "2022.10.05"]
[SourceVersion "1"]
[SourceVersionDate "2022.10.05"]
[SourceQuality "1"]

1. e4 b6 2. d4 Bb7 3. Bd3 e6 4. Nf3 Nf6 5. a3 c5 6. e5 Nd5 7. c4 Nc7 8. Nc3 cxd4 9. Nxd4 Bxg2 10. Rg1 Bb7 11. Bg5 Be7 12. Bxe7 Qxe7 13. Rxg7 Nc6 14. Nxc6 Bxc6 15. Qh5 0-0-0 16. Rxf7 Qc5 17. Qh4 Qxe5+ 18. Kd2 d5 19. Re1 Qd6 20. Nb5 Bxb5 21. cxb5 Rd7 22. Rxd7 Qxd7 23. a4 Qd6 24. Qg3 Qb4+ 25. Ke2 Qxb2+ 26. Kf1 Kb7 27. a5 bxa5 28. b6 axb6 29. Qe3 Qf6 30. f4 Rf8 31. f5 exf5 32. Rb1 Re8 33. Qd2 Qh4 34. Qg2 Qf4+ 35. Qf2 Qxf2+ 36. Kxf2 d4 37. Rg1 b5 38. Rg7 b4 39. Rd7 Re5 40. Rxd4 Rd5 41. Ke3 Rxd4 42. Kxd4 Ne6+ 43. Ke5 Ng7 44. Kf6 b3 45. Kxg7 a4 46. Bc4 b2 47. Ba2 f4 0-1